000 00200 a2200097 4500
001 28752
100 _aAllilueva, S P
245 _aOnly one year
260 _a
_bHutchinson
_c
090 _c19193
_d19193
942 _aNUST-CAE
_cM
_c10217
999 _c263825
_d263825